<?xml version="1.0" encoding="UTF-8"?>
<record
    xmlns:xsi="http://www.w3.org/2001/XMLSchema-instance"
    xsi:schemaLocation="http://www.loc.gov/MARC21/slim http://www.loc.gov/standards/marcxml/schema/MARC21slim.xsd"
    xmlns="http://www.loc.gov/MARC21/slim">

  <leader>00416nam a22001577a 4500</leader>
  <controlfield tag="003">OSt</controlfield>
  <controlfield tag="005">20250220151359.0</controlfield>
  <controlfield tag="008">250220b        |||||||| |||| 00| 0 eng d</controlfield>
  <datafield tag="020" ind1=" " ind2=" ">
    <subfield code="a">|978939573672</subfield>
  </datafield>
  <datafield tag="040" ind1=" " ind2=" ">
    <subfield code="c">IIMT COLLEGE OF PHARMACY GREATER NOIDA</subfield>
  </datafield>
  <datafield tag="100" ind1=" " ind2=" ">
    <subfield code="a">CHATWAL, GURDEEP R.</subfield>
  </datafield>
  <datafield tag="245" ind1=" " ind2=" ">
    <subfield code="a">INSTRUMENTAL METHODS OF CHEMICAL ANALYSIS</subfield>
  </datafield>
  <datafield tag="260" ind1=" " ind2=" ">
    <subfield code="a">DELHI</subfield>
    <subfield code="b">HIMALAYA</subfield>
    <subfield code="c">2024</subfield>
  </datafield>
  <datafield tag="300" ind1=" " ind2=" ">
    <subfield code="a">20.78</subfield>
  </datafield>
  <datafield tag="942" ind1=" " ind2=" ">
    <subfield code="2">ddc</subfield>
    <subfield code="c">01</subfield>
  </datafield>
  <datafield tag="999" ind1=" " ind2=" ">
    <subfield code="c">65209</subfield>
    <subfield code="d">65209</subfield>
  </datafield>
  <datafield tag="952" ind1=" " ind2=" ">
    <subfield code="0">0</subfield>
    <subfield code="1">0</subfield>
    <subfield code="2">ddc</subfield>
    <subfield code="4">0</subfield>
    <subfield code="7">0</subfield>
    <subfield code="a">12</subfield>
    <subfield code="b">12</subfield>
    <subfield code="d">2025-02-20</subfield>
    <subfield code="e">SAVERA</subfield>
    <subfield code="g">740.00</subfield>
    <subfield code="i">CRB-868	14-02-25</subfield>
    <subfield code="l">0</subfield>
    <subfield code="p">12-B-6796</subfield>
    <subfield code="r">2025-02-20</subfield>
    <subfield code="w">2025-02-20</subfield>
    <subfield code="y">01</subfield>
  </datafield>
  <datafield tag="952" ind1=" " ind2=" ">
    <subfield code="0">0</subfield>
    <subfield code="1">0</subfield>
    <subfield code="2">ddc</subfield>
    <subfield code="4">0</subfield>
    <subfield code="7">0</subfield>
    <subfield code="a">12</subfield>
    <subfield code="b">12</subfield>
    <subfield code="d">2025-02-20</subfield>
    <subfield code="e">SAVERA</subfield>
    <subfield code="g">740.00</subfield>
    <subfield code="i">CRB-868	14-02-25</subfield>
    <subfield code="l">0</subfield>
    <subfield code="p">12-B-6797</subfield>
    <subfield code="r">2025-02-20</subfield>
    <subfield code="w">2025-02-20</subfield>
    <subfield code="y">01</subfield>
  </datafield>
  <datafield tag="952" ind1=" " ind2=" ">
    <subfield code="0">0</subfield>
    <subfield code="1">0</subfield>
    <subfield code="2">ddc</subfield>
    <subfield code="4">0</subfield>
    <subfield code="7">0</subfield>
    <subfield code="a">12</subfield>
    <subfield code="b">12</subfield>
    <subfield code="d">2025-02-20</subfield>
    <subfield code="e">SAVERA</subfield>
    <subfield code="g">740.00</subfield>
    <subfield code="i">CRB-868	14-02-25</subfield>
    <subfield code="l">0</subfield>
    <subfield code="p">12-B-6798</subfield>
    <subfield code="r">2025-02-20</subfield>
    <subfield code="w">2025-02-20</subfield>
    <subfield code="y">01</subfield>
  </datafield>
  <datafield tag="952" ind1=" " ind2=" ">
    <subfield code="0">0</subfield>
    <subfield code="1">0</subfield>
    <subfield code="2">ddc</subfield>
    <subfield code="4">0</subfield>
    <subfield code="7">0</subfield>
    <subfield code="a">12</subfield>
    <subfield code="b">12</subfield>
    <subfield code="d">2025-02-20</subfield>
    <subfield code="e">SAVERA</subfield>
    <subfield code="g">740.00</subfield>
    <subfield code="i">CRB-868	14-02-25</subfield>
    <subfield code="l">0</subfield>
    <subfield code="p">12-B-6799</subfield>
    <subfield code="r">2025-02-20</subfield>
    <subfield code="w">2025-02-20</subfield>
    <subfield code="y">01</subfield>
  </datafield>
</record>
